Find the Countries of Yugoslavia Quiz Stats

 Plays Quiz Updated Mar 12, 2016

Score 0/7 Timer 01:00
0 Plays Today
% Correct
Croatia
89.9%
Slovenia
89.8%
Kosovo
87.6%
Bosnia and Herzegovina
86.9%
Montenegro
84.3%
Macedonia
83.8%
Serbia
83.2%

You're not logged in!

Compare scores with friends on all Sporcle quizzes.
Join for Free
OR
Log In

You Might Also Like...

Show Comments

Extras

Top Quizzes Today


Score Distribution

Your Account Isn't Verified!

In order to create a playlist on Sporcle, you need to verify the email address you used during registration. Go to your Sporcle Settings to finish the process.

Report this User

Report this user for behavior that violates our Community Guidelines.

Details: